Exigencias actuales de la persecución penal: propuestas, discusiones, práctica judicial
Salvato in:
| Autore principale: | |
|---|---|
| Natura: | Libro |
| Lingua: | spagnolo |
| Pubblicazione: |
Córdoba
Mediterránea
2004
|
| Soggetti: | |
| Tags: |
Aggiungi Tag
Nessun Tag, puoi essere il primo ad aggiungerne!!
|
MARC
| LEADER | 00000nam a2200000 a 4500 | ||
|---|---|---|---|
| 001 | UCK3218 | ||
| 003 | CL-VaPUC | ||
| 008 | 050415e20040000ag |||||||||||||||||spa|d | ||
| 020 | |a 9871020325 | ||
| 082 | 0 | 4 | |a 345.8205 |b CAF |2 21 |
| 100 | 0 | |a Cafferata Nores, José Ignacio |e author |9 491274 | |
| 245 | 1 | 0 | |a Exigencias actuales de la persecución penal: propuestas, discusiones, práctica judicial |
| 300 | |a 250 p | ||
| 942 | |c BK | ||
| 945 | |d 20050415 00:00:00 |a jcarroza | ||
| 260 | |a Córdoba |b Mediterránea |c 2004 | ||
| 650 | 7 | |a DERECHO PENAL |2 CL-VaPUC |9 11 | |
| 650 | 0 | |a Proceso penal |9 381370 | |
| 651 | 0 | |a Argentina |9 254888 | |
| 583 | |a last modification |c 20171122 05:41:57 |k Rodrigo Vera | ||
| 999 | |c 312479 |d 312477 | ||
| 952 | |0 0 |1 0 |4 0 |6 345_820500000000000_CAF_2004 |7 0 |8 A |9 382884 |a BIBDER |b BIBDER |d 2019-11-21 |i 4105214 |o 345.8205 CAF 2004 |p 4105214 |r 2023-01-25 |w 2019-11-21 |y BK |k DER | ||